[Event "Open Qualificatif Meyreuil"]
[Site "?"]
[Date "2005.11.05"]
[Round "1"]
[White "Bordenave, Robert"]
[Black "Terrien, Claude"]
[Result "0-1"]
[WhiteElo "1780"]
[BlackElo "1700"]
[PlyCount "124"]
[EventDate "2005.11.05"]
[SourceDate "2005.11.05"]

1. d4 Nf6 2. Bf4 e6 3. e3 d5 4. Nd2 Bd6 5. Bxd6 Qxd6 6. c3 O-O 7. Ngf3 Nbd7 8.
Be2 c5 9. O-O a6 10. a4 b6 11. Qc2 Bb7 12. Bd3 c4 13. Be2 Kh8 14. Ne1 e5 15.
dxe5 Nxe5 16. Nef3 Neg4 17. h3 Nh6 18. Ng5 Rae8 19. Rad1 Qc7 20. Ngf3 Nfg8 21.
Nd4 f5 22. N2f3 Bc8 23. Rfe1 Nf6 24. Bf1 Ne4 25. Nd2 g5 26. Nxe4 fxe4 27. g3
Nf7 28. Bg2 Ne5 29. Rf1 Re7 30. Kh1 Ref7 31. Rd2 Bd7 32. Qd1 Nd3 33. Kg1 Qc8
34. Qh5 Qd8 35. Qd1 Rf6 36. f3 Rh6 37. g4 Qc7 38. fxe4 Rxf1+ 39. Qxf1 Kg8 40.
Nf5 Bxf5 41. Qxf5 dxe4 42. Qxg5+ Rg6 43. Qd5+ Kg7 44. Qxe4 Qg3 45. Re2 Rf6 46.
Qd4 Ne5 47. Kh1 Nf3 48. Bxf3 Qxf3+ 49. Rg2 Qf1+ 50. Kh2 Kg6 51. Qe4+ Kg7 52.
Qd4 Kg6 53. Qd2 Qf3 54. Qe2 Qe4 55. Rf2 Re6 56. Rf3 Qe5+ 57. Kg1 Rd6 58. Rf1
Qg3+ 59. Qg2 Qxe3+ 60. Kh1 Rd2 61. Qc6+ Kg5 62. Rf5+ Kh4 0-1

[Event "Open Qualificatif Meyreuil"]
[Site "?"]
[Date "2005.11.05"]
[Round "1"]
[White "Gozzo, Jean-Claude"]
[Black "Scamaroni, Jean-Paul"]
[Result "0-1"]
[WhiteElo "1690"]
[BlackElo "1730"]
[PlyCount "42"]
[EventDate "2005.11.05"]
[SourceDate "2005.11.05"]

1. d4 Nf6 2. c4 g6 3. Nc3 d5 4. cxd5 Nxd5 5. e4 Nxc3 6. bxc3 Bg7 7. Nf3 c5 8.
Be3 O-O 9. Be2 Nc6 10. O-O cxd4 11. Nxd4 Qc7 12. Qc1 b6 13. Bh6 Nxd4 14. Bd1
Bxh6 15. Qxh6 Qxc3 16. Rc1 Qb4 17. Qe3 Ba6 18. Re1 Rac8 19. a3 Qd6 20. Bg4 Rxc1
21. Rxc1 Rd8 0-1

[Event "Open Qualificatif Meyreuil"]
[Site "?"]
[Date "2005.11.05"]
[Round "1"]
[White "Mengus, Michel"]
[Black "Garcia, Robustiano"]
[Result "1/2-1/2"]
[WhiteElo "1710"]
[BlackElo "1680"]
[PlyCount "65"]
[EventDate "2005.11.05"]
[SourceDate "2005.11.05"]

1. d4 Nf6 2. e3 g6 3. f4 d6 4. Bd3 Bg7 5. Nf3 O-O 6. O-O Nbd7 7. c3 c5 8. Nbd2
Ng4 9. Qe2 cxd4 10. exd4 Nb6 11. h3 Nf6 12. Re1 Re8 13. Nc4 Bd7 14. Ne3 Nh5 15.
Nf1 Nd5 16. g3 Bxh3 17. Qf2 Qd7 18. Nh4 Bf6 19. Nf3 Qg4 20. N3h2 Qd7 21. Bd2 e5
22. Qf3 Nb6 23. fxe5 dxe5 24. g4 Bxf1 25. Rxf1 Nf4 26. Bxf4 exf4 27. Qxf4 Bg7
28. Rf3 Re7 29. Raf1 Rae8 30. g5 Nd5 31. Qg3 Ne3 32. R1f2 Nd1 33. Rg2 1/2-1/2

[Event "Open Qualificatif Meyreuil"]
[Site "?"]
[Date "2005.11.05"]
[Round "1"]
[White "Simone, Herve"]
[Black "Alpe, Jean-Charles"]
[Result "1-0"]
[WhiteElo "1599"]
[BlackElo "1590"]
[PlyCount "101"]
[EventDate "2005.11.05"]
[SourceDate "2005.11.05"]

1. e4 e5 2. Nf3 Nf6 3. Nc3 Bb4 4. Nd5 Nxd5 5. exd5 d6 6. c3 Bc5 7. Bb5+ Bd7 8.
Bxd7+ Nxd7 9. O-O O-O 10. d4 exd4 11. Nxd4 Bxd4 12. Qxd4 Nf6 13. Bg5 Re8 14.
Rfe1 Kf8 15. Rxe8+ Kxe8 16. Re1+ Kf8 17. Re3 h6 18. Bxf6 Qxf6 19. Qxf6 gxf6 20.
g4 Re8 21. Kg2 Re5 22. c4 Kg7 23. Kg3 Kg6 24. h4 f5 25. h5+ Kf6 26. Kf4 fxg4
27. Rxe5 dxe5+ 28. Kxg4 c6 29. b4 cxd5 30. cxd5 a6 31. a4 b6 32. f3 b5 33. a5
Ke7 34. Kf5 Kd6 35. Kf6 Kxd5 36. Kxf7 Kc4 37. Kg6 Kxb4 38. Kxh6 Kxa5 39. Kg5 b4
40. h6 b3 41. h7 b2 42. h8=Q b1=Q 43. Qxe5+ Qb5 44. f4 Kb6 45. Qxb5+ axb5 46.
f5 Kc7 47. f6 Kd7 48. Kg6 b4 49. f7 Ke7 50. Kg7 b3 51. f8=Q+ 1-0

[Event "Open Qualificatif Meyreuil"]
[Site "?"]
[Date "2005.11.05"]
[Round "1"]
[White "Navarro, Bertrand"]
[Black "Montanelli, Tristan"]
[Result "1/2-1/2"]
[WhiteElo "1570"]
[BlackElo "1499"]
[PlyCount "127"]
[EventDate "2005.11.05"]
[SourceDate "2005.11.05"]

1. d4 Nf6 2. c4 c5 3. d5 b5 4. cxb5 a6 5. Bg5 Qa5+ 6. Nc3 Ne4 7. Bd2 Nxd2 8.
Qxd2 d6 9. e3 g6 10. Nf3 Bg7 11. Be2 Bd7 12. bxa6 Nxa6 13. O-O O-O 14. a3 Rab8
15. Rfb1 Rxb2 16. Qxb2 Bxc3 17. Qb6 Qxb6 18. Rxb6 Bxa1 19. Bxa6 Ra8 20. Nd2 Bc3
21. Nc4 Bf5 22. Bb5 Bc2 23. Ra6 Rxa6 24. Bxa6 Bd3 25. f3 Kf8 26. Kf2 Bxc4 27.
Bxc4 Ke8 28. Ke2 Kd8 29. Kd3 Ba5 30. Bb5 e6 31. Kc4 e5 32. Bc6 Bd2 33. e4 f5
34. Kb5 Kc7 35. a4 Kb8 36. a5 c4 37. Ka6 c3 38. Ba4 Kc7 39. Kb5 Be3 40. Bc2 f4
41. Bd3 g5 42. a6 h5 43. Kc4 Bd4 44. Kb3 Kb6 45. Kc2 Ka5 46. a7 Bxa7 47. Kxc3
Bd4+ 48. Kc4 Ka4 49. Bc2+ Ka3 50. Kb5 Kb2 51. Ba4 Kc3 52. Kc6 Bc5 53. Kc7 Kd2
54. Be8 h4 55. Bd7 Ke3 56. Bg4 Kf2 57. h3 Kxg2 58. Kd7 Kf2 59. Ke6 Ke2 60. Kf5
Kd3 61. Kxg5 Bf2 62. Kf5 Kd4 63. Kf6 Kc5 64. Ke7 1/2-1/2

[Event "Open Qualificatif Meyreuil"]
[Site "?"]
[Date "2005.11.05"]
[Round "1"]
[White "Torelli, Roger"]
[Black "Maxiola, Antoine"]
[Result "1-0"]
[WhiteElo "1499"]
[BlackElo "1510"]
[PlyCount "83"]
[EventDate "2005.11.05"]
[SourceDate "2005.11.05"]

1. e4 e6 2. d4 d5 3. e5 c5 4. c3 Nc6 5. Bb5 Qb6 6. Bxc6+ bxc6 7. Nf3 cxd4 8.
cxd4 Ba6 9. a3 Ne7 10. Nc3 Rb8 11. b4 Bc4 12. Be3 Nf5 13. Na4 Qb5 14. Nc5 Nxe3
15. fxe3 g6 16. Kf2 Bxc5 17. dxc5 O-O 18. h4 a5 19. Qd2 axb4 20. Nd4 Qa4 21.
axb4 Qxb4 22. Qxb4 Rxb4 23. Nxc6 Rb2+ 24. Kg3 Kg7 25. Ra5 Rc8 26. Nd4 Ra2 27.
Rxa2 Bxa2 28. Ra1 Bc4 29. Ra5 Kh6 30. Kf4 Kg7 31. g3 h6 32. c6 g5+ 33. hxg5
hxg5+ 34. Kxg5 Rg8 35. Ra7 Kh7+ 36. Kf6 Rg6+ 37. Ke7 Rg7 38. Kd6 Rg8 39. Rxf7+
Kg6 40. Ra7 Rd8+ 41. Ke7 Rg8 42. Kxe6 1-0

[Event "Open Qualificatif Meyreuil"]
[Site "?"]
[Date "2005.11.05"]
[Round "1"]
[White "Schiano-Lomoriello, Didier"]
[Black "Roux, Jean-Marie"]
[Result "0-1"]
[WhiteElo "1499"]
[BlackElo "1480"]
[PlyCount "27"]
[EventDate "2005.11.05"]
[SourceDate "2005.11.05"]

1. e4 e5 2. Nf3 Nc6 3. Bb5 Nd4 4. Nc3 c6 5. Bc4 Nxf3+ 6. Qxf3 Nf6 7. O-O Bc5 8.
Qg3 O-O 9. Qxe5 d6 10. Qg5 Bg4 11. e5 dxe5 12. Qxe5 Bd4 13. Qg3 Re8 14. d3 0-1

[Event "Open Qualificatif Meyreuil"]
[Site "?"]
[Date "2005.11.26"]
[Round "2"]
[White "Alpe, Jean-Charles"]
[Black "Schiano-Lomoriello, Didier"]
[Result "1-0"]
[WhiteElo "1590"]
[BlackElo "1499"]
[PlyCount "61"]
[EventDate "2005.11.05"]
[SourceDate "2005.11.05"]

1. c4 Nf6 2. Nc3 e6 3. g3 c5 4. Bg2 Nc6 5. e4 Be7 6. Nge2 O-O 7. O-O Qb6 8. b3
Nb4 9. d3 Rd8 10. h3 Nc6 11. Be3 a6 12. Na4 Qa5 13. Nac3 Qc7 14. f4 e5 15. f5
Nd4 16. g4 Rf8 17. Ng3 g6 18. g5 Ne8 19. Nd5 Qd6 20. h4 h5 21. f6 Bd8 22. Bh3
b5 23. Nxh5 bxc4 24. dxc4 gxh5 25. Rf2 Ng7 26. fxg7 Qg6 27. gxf8=Q+ Kxf8 28.
Bf5 Qg7 29. Qxh5 d6 30. Bxc8 Rxc8 31. g6 1-0

[Event "Open Qualificatif Meyreuil"]
[Site "?"]
[Date "2005.11.26"]
[Round "2"]
[White "Maxiola, Antoine"]
[Black "Bordenave, Robert"]
[Result "0-1"]
[WhiteElo "1510"]
[BlackElo "1780"]
[PlyCount "96"]
[EventDate "2005.11.05"]
[SourceDate "2005.11.05"]

1. e4 c6 2. d4 d5 3. Nc3 dxe4 4. Nxe4 Nd7 5. Nf3 Ngf6 6. Nxf6+ Nxf6 7. Bd3 Bg4
8. c3 e6 9. Be2 Be7 10. Ne5 Bxe2 11. Qxe2 O-O 12. O-O Nd7 13. Re1 Nxe5 14. Qxe5
Bf6 15. Qe2 Qd5 16. Bf4 Rad8 17. Be5 Bxe5 18. Qxe5 Rd7 19. Qg3 Qb5 20. b3 Qa5
21. a4 Rd5 22. b4 Qd8 23. Re5 Qb8 24. Rae1 g6 25. h4 h5 26. Qg5 Qd8 27. Rxd5
cxd5 28. Qg3 Kh7 29. Re5 Qc8 30. Qe3 Kg7 31. Rg5 Qc7 32. g4 hxg4 33. Rxg4 Rh8
34. Qg3 Qxg3+ 35. fxg3 Rc8 36. h5 Rxc3 37. hxg6 fxg6 38. b5 Ra3 39. Rf4 Rxa4
40. Rf3 Rxd4 41. Ra3 Rb4 42. Rxa7 Rxb5 43. Kf2 Kf6 44. Ke3 Ke5 45. Ra4 Rb3+ 46.
Kf2 d4 47. Ra5+ Kf6 48. g4 b5 0-1

[Event "Open Qualificatif Meyreuil"]
[Site "?"]
[Date "2005.11.26"]
[Round "2"]
[White "Terrien, Claude"]
[Black "Mengus, Michel"]
[Result "1/2-1/2"]
[WhiteElo "1700"]
[BlackElo "1710"]
[PlyCount "52"]
[EventDate "2005.11.05"]
[SourceDate "2005.11.05"]

1. c4 e5 2. Nc3 Nf6 3. g3 c6 4. Bg2 Be7 5. d4 d6 6. Nf3 Qc7 7. O-O O-O 8. b4
Bg4 9. a4 Bxf3 10. Bxf3 exd4 11. Qxd4 Nbd7 12. Bg2 Qb6 13. e3 Qxd4 14. exd4 Nb6
15. c5 dxc5 16. bxc5 Nbd5 17. Nxd5 Nxd5 18. Bxd5 cxd5 19. Rb1 b6 20. cxb6 axb6
21. Rxb6 Rxa4 22. Be3 Bf6 23. Rd1 Rd8 24. g4 h6 25. Rc6 Rc4 26. Ra6 Kf8 1/2-1/2

[Event "Open Qualificatif Meyreuil"]
[Site "?"]
[Date "2005.11.26"]
[Round "2"]
[White "Montanelli, Tristan"]
[Black "Torelli, Roger"]
[Result "1-0"]
[WhiteElo "1499"]
[BlackElo "1499"]
[PlyCount "57"]
[EventDate "2005.11.05"]
[SourceDate "2005.11.05"]

1. f4 Nf6 2. Nf3 d5 3. e3 c5 4. b3 Bg4 5. h3 Bxf3 6. Qxf3 e6 7. Bb5+ Nc6 8. O-O
Be7 9. Bb2 O-O 10. Bxc6 bxc6 11. d3 Qd7 12. Nd2 Rad8 13. Rae1 Qc7 14. Re2 Rfe8
15. e4 g6 16. e5 Nh5 17. g4 Ng7 18. Qg3 Rf8 19. f5 exf5 20. gxf5 c4 21. f6 Nh5
22. Qg4 cxd3 23. cxd3 Bc5+ 24. d4 Bb6 25. Rf5 Kh8 26. Rxh5 Qc8 27. Rxh7+ Kxh7
28. Qh4+ Kg8 29. Qh6 1-0

[Event "Open Qualificatif Meyreuil"]
[Site "?"]
[Date "2005.11.26"]
[Round "2"]
[White "Roux, Jean-Marie"]
[Black "Gozzo, Jean-Claude"]
[Result "0-1"]
[WhiteElo "1480"]
[BlackElo "1690"]
[PlyCount "120"]
[EventDate "2005.11.05"]
[SourceDate "2005.11.05"]

1. e4 e6 2. d4 d5 3. Nc3 Nf6 4. Bg5 Bb4 5. e5 h6 6. Bh4 g5 7. Bg3 Ne4 8. Qd3 c5
9. dxc5 Qa5 10. Nge2 Nc6 11. O-O-O Bxc3 12. Nxc3 Nxc3 13. Qxc3 Qxa2 14. Bd3 Qa5
15. Kd2 Qxc3+ 16. Kxc3 Bd7 17. b4 a6 18. f3 Na7 19. Bf2 Bb5 20. Be3 Bxd3 21.
cxd3 Nb5+ 22. Kb3 O-O-O 23. d4 Rdg8 24. g4 Kd7 25. Rc1 Rf8 26. Ka4 Kc6 27. Kb3
f5 28. Rhf1 f4 29. Bf2 h5 30. h3 hxg4 31. hxg4 Rh3 32. Bg1 Rfh8 33. Rcd1 Rg3
34. Rd3 Rh1 35. Rdd1 Rhh3 36. Rd3 Na7 37. Ka4 Nc8 38. Rf2 Rxg1 39. Rb3 Na7 40.
Rbb2 Nb5 41. Rbd2 Ra1+ 42. Kb3 Ra3+ 43. Kb2 Raxf3 44. Rg2 Rfg3 45. Rgf2 Rxg4
46. Rd1 Rgg3 47. Rdd2 Rd3 48. Rxd3 Rxd3 49. Rh2 g4 50. Rh4 Rg3 51. Rh6 Nxd4 52.
Rf6 f3 53. Kc3 Nb5+ 54. Kd3 f2+ 55. Ke2 Rg2 56. Rxe6+ Kd7 57. Rf6 Nd4+ 58. Kd3
Nf3 59. e6+ Ke7 60. Rf7+ Kxe6 0-1

[Event "Open Qualificatif Meyreuil"]
[Site "?"]
[Date "2005.11.26"]
[Round "2"]
[White "Scamaroni, Jean-Paul"]
[Black "Simone, Herve"]
[Result "1/2-1/2"]
[WhiteElo "1730"]
[BlackElo "1600"]
[PlyCount "156"]
[EventDate "2005.11.05"]
[SourceDate "2005.11.05"]

1. d4 e6 2. c4 d5 3. Nc3 Nf6 4. Bg5 Be7 5. e3 O-O 6. Nf3 Ne4 7. Bxe7 Qxe7 8.
Rc1 Qb4 9. Qb3 Qxb3 10. axb3 Nxc3 11. Rxc3 c6 12. Bd3 Nd7 13. O-O f5 14. cxd5
exd5 15. Rfc1 Nf6 16. b4 Ne4 17. R3c2 f4 18. Ne5 fxe3 19. fxe3 Bf5 20. b5 cxb5
21. Bxb5 Nd6 22. Bd3 Bxd3 23. Nxd3 Nc4 24. Re1 Rae8 25. Rce2 b5 26. b3 Nb6 27.
Ra1 Re7 28. Ne5 Rfe8 29. Rc1 Nd7 30. Nxd7 Rxd7 31. Rc5 a6 32. Kf2 Kf7 33. b4
Re6 34. Rec2 Kf6 35. R2c3 g5 36. g4 Kg6 37. h3 Rf6+ 38. Ke2 h5 39. Rc7 Rdd6 40.
Rc8 hxg4 41. hxg4 Rf7 42. Re8 Kf6 43. Rcc8 Kg6 44. Rg8+ Rg7 45. Rge8 Rf7 46.
Re5 Rg7 47. Rc5 Rgd7 48. e4 dxe4 49. Rxg5+ Kf7 50. Rgf5+ Rf6 51. Ke3 Re7 52.
Rxf6+ Kxf6 53. Rf5+ Kg6 54. Re5 Rc7 55. Kxe4 Rc4 56. Re6+ Kg5 57. Rxa6 Kxg4 58.
Kd5 Rxb4 59. Kc5 Rc4+ 60. Kd5 Kf5 61. Rb6 Rb4 62. Rd6 Rc4 63. Rd8 Kf6 64. Re8
Kf7 65. Re1 Rb4 66. Rc1 Ke7 67. Kc5 Rc4+ 68. Rxc4 bxc4 69. Kxc4 Kd6 70. d5 Kd7
71. Kd4 Kd6 72. Ke4 Kd7 73. Ke5 Ke7 74. d6+ Kd7 75. Kd5 Kd8 76. Ke6 Ke8 77. Kf5
Kd7 78. Ke5 Kd8 1/2-1/2

[Event "Open Qualificatif Meyreuil"]
[Site "?"]
[Date "2005.12.02"]
[Round "2"]
[White "Garcia, Robustiano"]
[Black "Navarro, Bertrand"]
[Result "1/2-1/2"]
[WhiteElo "1680"]
[BlackElo "1570"]
[PlyCount "32"]
[EventDate "2005.11.05"]
[SourceDate "2005.11.05"]

1. d4 Nf6 2. c4 d6 3. Nc3 g6 4. e4 Bg7 5. Nf3 O-O 6. Be2 e5 7. d5 h6 8. h3 Bd7
9. b4 Nh7 10. c5 f5 11. a4 a5 12. cxd6 axb4 13. dxc7 Qxc7 14. Nb5 Bxb5 15. Bxb5
fxe4 16. Qb3 Qc3+ 1/2-1/2

[Event "Open Qualificatif Meyreuil"]
[Site "?"]
[Date "2005.12.10"]
[Round "3"]
[White "Bordenave, Robert"]
[Black "Scamaroni, Jean-Paul"]
[Result "1/2-1/2"]
[WhiteElo "1780"]
[BlackElo "1730"]
[PlyCount "54"]
[EventDate "2005.11.05"]
[SourceDate "2005.11.05"]

1. d4 Nf6 2. Bf4 e6 3. e3 d5 4. Nd2 c5 5. c3 Nc6 6. h3 cxd4 7. exd4 Bd6 8. Bxd6
Qxd6 9. Ngf3 O-O 10. Be2 Re8 11. O-O a6 12. a4 b6 13. Re1 Bb7 14. Bd3 Ne7 15.
Ne5 Ng6 16. Nxg6 hxg6 17. Nf3 Qf4 18. Qd2 Qh6 19. Qxh6 gxh6 20. Ne5 Kg7 21. g3
Rac8 22. Re3 Rc7 23. Rae1 g5 24. Kh2 Rce7 25. Bc2 Rc7 26. Bd3 Rce7 27. Bc2 Rc7
1/2-1/2

[Event "Open Qualificatif Meyreuil"]
[Site "?"]
[Date "2005.12.10"]
[Round "3"]
[White "Simone, Herve"]
[Black "Terrien, Claude"]
[Result "1-0"]
[WhiteElo "1600"]
[BlackElo "1700"]
[PlyCount "109"]
[EventDate "2005.11.05"]
[SourceDate "2005.11.05"]

1. e4 c5 2. Nf3 d6 3. d4 cxd4 4. Nxd4 Nf6 5. Nc3 e5 6. Nf5 Bxf5 7. exf5 Nc6 8.
Bg5 Be7 9. Bd3 d5 10. O-O Qd7 11. Bxf6 Bxf6 12. Re1 O-O 13. Qh5 e4 14. Bb5 a6
15. Ba4 g6 16. fxg6 fxg6 17. Qxd5+ Qxd5 18. Nxd5 Rae8 19. Bxc6 bxc6 20. Nxf6+
Rxf6 21. Rad1 Rfe6 22. Rd7 R8e7 23. Rxe7 Rxe7 24. f3 e3 25. Kf1 Kf7 26. Ke2 Kf6
27. Rd1 Kf5 28. Rd6 Ke5 29. Rxc6 Rb7 30. b3 Kd4 31. c3+ Ke5 32. Kxe3 Rd7 33.
Rxa6 Rd1 34. c4 Rc1 35. Ra5+ Kf6 36. h4 Re1+ 37. Kf4 Re2 38. g4 Rh2 39. g5+ Kg7
40. Ra7+ Kg8 41. Kg3 Rh1 42. c5 Rg1+ 43. Kh2 Rc1 44. b4 Rc4 45. Kg3 Rxb4 46. c6
Rb8 47. c7 Rc8 48. Rb7 Kf7 49. a4 Ke7 50. Kg4 Kd7 51. h5 Rxc7 52. Rxc7+ Kxc7
53. f4 Kb6 54. f5 gxf5+ 55. Kxf5 1-0

[Event "Open Qualificatif Meyreuil"]
[Site "?"]
[Date "2005.12.10"]
[Round "3"]
[White "Mengus, Michel"]
[Black "Montanelli, Tristan"]
[Result "1-0"]
[WhiteElo "1710"]
[BlackElo "1499"]
[PlyCount "61"]
[EventDate "2005.11.05"]
[SourceDate "2005.11.05"]

1. c4 Nf6 2. Nc3 e6 3. e4 d6 4. g3 b6 5. Bg2 Bb7 6. d4 Be7 7. Nge2 Nbd7 8. O-O
a6 9. Nf4 g6 10. d5 Nc5 11. b4 e5 12. bxc5 exf4 13. c6 Bc8 14. Bxf4 O-O 15. f3
Nh5 16. Bh6 Re8 17. Qc2 f5 18. Rae1 Bf6 19. Ne2 Qe7 20. Qd2 g5 21. exf5 a5 22.
g4 Ng7 23. Ng3 Qd8 24. Rxe8+ Nxe8 25. Ne4 Ba6 26. Nxg5 Ng7 27. Re1 Bxc4 28. Ne6
Nxe6 29. fxe6 Bh4 30. Re4 b5 31. g5 1-0

[Event "Open Qualificatif Meyreuil"]
[Site "?"]
[Date "2005.12.10"]
[Round "3"]
[White "Gozzo, Jean-Claude"]
[Black "Garcia, Robustiano"]
[Result "0-1"]
[WhiteElo "1690"]
[BlackElo "1680"]
[PlyCount "86"]
[EventDate "2005.11.05"]
[SourceDate "2005.11.05"]

1. d4 Nf6 2. c4 g6 3. Nc3 Bg7 4. e4 d6 5. f3 O-O 6. Be3 Nc6 7. Nge2 a6 8. g4
Rb8 9. Ng3 Bd7 10. Qd2 b5 11. cxb5 axb5 12. Bxb5 Nxd4 13. Bxd4 Bxb5 14. O-O-O
c5 15. Be3 Qa5 16. Bh6 Bxh6 17. Qxh6 Bc4 18. h4 Bxa2 19. h5 Bb3 20. Rd2 Qa1+
21. Nb1 Ba2 22. Kd1 Bxb1 23. Ke2 Rxb2 24. g5 Rxd2+ 25. Kxd2 Qb2+ 26. Ke1 Qc3+
27. Kf2 Qd2+ 28. Kg1 Qe3+ 29. Kg2 Bxe4 30. Nxe4 Nxe4 31. fxe4 Qxe4+ 32. Kg1
Qd4+ 33. Kg2 Qg7 34. hxg6 Qxh6 35. gxf7+ Rxf7 36. gxh6 Rf6 37. Rh4 Kf7 38. Kg3
e5 39. Kg2 d5 40. Rh5 Ke6 41. Kg3 Rf5 42. Rh4 e4 43. Kg4 e3 0-1

[Event "Open Qualificatif Meyreuil"]
[Site "?"]
[Date "2005.12.10"]
[Round "3"]
[White "Torelli, Roger"]
[Black "Alpe, Jean-Charles"]
[Result "1-0"]
[WhiteElo "1499"]
[BlackElo "1590"]
[PlyCount "139"]
[EventDate "2005.11.05"]
[SourceDate "2005.11.05"]

1. e4 e5 2. Nf3 Nf6 3. Nc3 Nc6 4. Bc4 Nxe4 5. Bxf7+ Kxf7 6. Nxe4 d5 7. Neg5+
Kg8 8. d4 h6 9. Nh3 Bg4 10. dxe5 Nxe5 11. Nhg1 c6 12. Qd4 Nxf3+ 13. Nxf3 Bf5
14. Qa4 Bd6 15. Be3 Qe7 16. O-O-O a6 17. h3 Kf7 18. Rhe1 Qc7 19. Qb3 Rhe8 20.
Qc3 Kg8 21. Re2 Re7 22. Rde1 Be4 23. Bc5 Rae8 24. Be3 c5 25. Qb3 c4 26. Qb6
Qxb6 27. Bxb6 Bxf3 28. Rxe7 Rxe7 29. Rxe7 Bxe7 30. gxf3 Kf7 31. Kd2 Ke6 32. c3
Kf5 33. Be3 Bg5 34. Ke2 Kg6 35. Kf1 b5 36. a3 Bd8 37. Kg2 Bc7 38. Kg1 Kh5 39.
Kg2 a5 40. Bd4 Kg6 41. Kf1 Kf7 42. Ke2 g6 43. Kd1 Ke6 44. Ke2 Ke7 45. Be3 h5
46. Bd4 Kd7 47. Kd1 Bd6 48. Ke2 b4 49. a4 bxc3 50. bxc3 Bc7 51. Ke3 Ke7 52. f4
Ke6 53. Kf3 Kf5 54. Be3 Bd8 55. Bd4 g5 56. fxg5 Kxg5 57. Kg2 Kf5 58. Kf3 Kg5
59. Kg3 Kf5 60. Kf3 Bc7 61. Be3 Be5 62. Bd4 Bxd4 63. cxd4 Kg5 64. Ke3 Kh4 65.
f4 c3 66. Kd3 Kg3 67. f5 Kf4 68. f6 Kf5 69. f7 c2 70. Kxc2 1-0

[Event "Open Qualificatif Meyreuil"]
[Site "?"]
[Date "2005.10.10"]
[Round "3"]
[White "Schiano-Lomoriello, Didier"]
[Black "Maxiola, Antoine"]
[Result "1-0"]
[WhiteElo "1499"]
[BlackElo "1510"]
[PlyCount "59"]
[EventDate "2005.11.05"]
[SourceDate "2005.11.05"]

1. e4 e6 2. d3 c5 3. Nd2 Nc6 4. Ngf3 e5 5. g3 Nf6 6. Bg2 d6 7. Nh4 Be6 8. O-O
Rc8 9. c4 a6 10. Re1 Be7 11. Bf3 h5 12. Nf5 Bxf5 13. exf5 Qd7 14. Ne4 Nxe4 15.
dxe4 h4 16. Bg4 hxg3 17. hxg3 Bf6 18. Be3 Nd4 19. Qd2 Ke7 20. Rac1 Rh3 21. Bxd4
Rh7 22. Be3 Rch8 23. Kf1 Qc6 24. Qd5 Qb6 25. Rcd1 Rh1+ 26. Ke2 Rxe1+ 27. Rxe1
Qxb2+ 28. Kf3 Rc8 29. Rd1 Rc6 30. Bh5 1-0

[Event "Open Qualificatif Meyreuil"]
[Site "?"]
[Date "2005.12.10"]
[Round "3"]
[White "Navarro, Bertrand"]
[Black "Roux, Jean-Marie"]
[Result "0-1"]
[WhiteElo "1570"]
[BlackElo "1480"]
[PlyCount "129"]
[EventDate "2005.11.05"]
[SourceDate "2005.11.05"]

1. g3 e5 2. Bg2 d5 3. d3 Nf6 4. Nf3 Nc6 5. O-O Bc5 6. h3 Bf5 7. a3 Qd7 8. Kh2
O-O 9. Nc3 d4 10. Na2 Rfe8 11. b4 Bd6 12. e4 Bg6 13. Nh4 Bh5 14. f3 Re6 15. g4
Bg6 16. Nxg6 fxg6 17. h4 Ree8 18. Bh3 Qf7 19. Rf2 Be7 20. Qg1 Rf8 21. Bd2 Nd8
22. c4 Ne6 23. Raf1 Nf4 24. Bxf4 exf4 25. Re2 Nd7 26. g5 Ne5 27. Qxd4 Nc6 28.
Qb2 Rad8 29. Rd2 Nd4 30. Nc1 c5 31. Nb3 b6 32. Nxd4 cxd4 33. Re2 h6 34. Rg1
hxg5 35. hxg5 Qe8 36. Rg4 Qc6 37. Qa2 Kf7 38. c5+ Ke8 39. cxb6 axb6 40. Rc2 Qb5
41. Qc4 Qxc4 42. Rxc4 Rh8 43. Rc7 Rb8 44. Kg2 Rh5 45. Ra7 Kf8 46. Rxf4+ Ke8 47.
Rg4 Rxg5 48. Rxg5 Bxg5 49. Rxg7 Bf4 50. Rg8+ Kf7 51. Rxb8 Bxb8 52. Bg4 Kf6 53.
a4 g5 54. a5 bxa5 55. bxa5 Ba7 56. Kg3 Ke5 57. Kf2 Kf4 58. Ke2 Bb8 59. Kd2 Ba7
60. Kc2 Bb8 61. Kb3 Ke3 62. Kc4 Ba7 63. e5 Bb8 64. e6 Bd6 65. a6 0-1

[Event "Open Qualificatif Meyreuil"]
[Site "?"]
[Date "2006.01.07"]
[Round "4"]
[White "Scamaroni, Jean-Paul"]
[Black "Navarro, Bertrand"]
[Result "1-0"]
[WhiteElo "1730"]
[BlackElo "1570"]
[PlyCount "79"]
[EventDate "2005.11.05"]
[SourceDate "2005.11.05"]

1. d4 Nf6 2. c4 g6 3. Nc3 Bg7 4. e4 d6 5. f4 O-O 6. Nf3 c5 7. d5 e6 8. Be2 exd5
9. cxd5 Bg4 10. O-O Re8 11. Qc2 a6 12. a4 Nbd7 13. h3 Bxf3 14. Rxf3 h5 15. Bd2
Rc8 16. Raf1 Nh7 17. f5 Ne5 18. R3f2 Qd7 19. fxg6 fxg6 20. Nd1 Rf8 21. Bc3 Rxf2
22. Rxf2 Rf8 23. Rxf8+ Nxf8 24. Nf2 b5 25. axb5 axb5 26. Nd3 Nxd3 27. Bxd3 b4
28. Bxg7 Kxg7 29. Qe2 Qf7 30. Bb5 Nd7 31. Bxd7 Qxd7 32. e5 dxe5 33. Qxe5+ Kf7
34. d6 c4 35. Qd5+ Qe6 36. Qb7+ Kf6 37. Qf3+ Qf5 38. Qd1 Qc5+ 39. Kh1 Ke6 $4 (
39... Qb6 40. d7 Ke7) 40. d7 1-0

[Event "Open Qualificatif Meyreuil"]
[Site "?"]
[Date "2006.01.07"]
[Round "4"]
[White "Alpe, Jean-Charles"]
[Black "Gozzo, Jean-Claude"]
[Result "0-1"]
[WhiteElo "1590"]
[BlackElo "1690"]
[PlyCount "135"]
[EventDate "2005.11.05"]
[SourceDate "2005.11.05"]

1. c4 b6 2. Nc3 Bb7 3. e4 d6 4. g3 f5 5. d3 Nf6 6. Bg2 fxe4 7. dxe4 g6 8. Nge2
e5 9. O-O Bg7 10. b3 O-O 11. Rb1 Nbd7 12. Bg5 h6 13. Bxf6 Nxf6 14. Nd5 Bxd5 15.
cxd5 Qd7 16. Rc1 Rac8 17. Rc6 Qg4 18. Nc3 Qd7 19. Qe2 a5 20. Rc1 Rf7 21. Nb5
Ne8 22. Qf1 g5 23. Nc3 g4 24. Rc2 Bf6 25. Qe2 h5 26. Nd1 Bg5 27. Ne3 Bxe3 28.
Qxe3 Qe7 29. Rxb6 Ra8 30. Rbc6 h4 31. gxh4 Qxh4 32. Qg3 Qg5 33. R6c3 Rb8 34.
Rf3 Rg7 35. Rf5 Qh6 36. f4 Nf6 37. fxe5 dxe5 38. Rxe5 Nh5 39. Qh4 Qe3+ 40. Qf2
Qh6 41. Rf5 g3 42. hxg3 Nxg3 43. Qf4 Qb6+ 44. Qf2 Qxf2+ 45. Kxf2 Nxf5 46. exf5
Rb4 47. Ke3 Kf8 48. Bf1 Re7+ 49. Kd3 Re5 50. Bg2 Rxf5 51. Rxc7 Rg5 52. Bh1 Rg3+
53. Ke2 Rh4 54. Rc8+ Ke7 55. Kf2 Rgh3 56. Bf3 Rf4 57. Ra8 Rfxf3+ 58. Kg2 Rc3
59. Ra7+ Kd6 60. Rxa5 Rhd3 61. Kf2 Rh3 62. Ke1 Rh2 63. Kd1 Rg3 64. Ra6+ Kxd5
65. Ra5+ Kc6 66. Re5 Rh1+ 67. Re1 Rxe1+ 68. Kxe1 0-1

[Event "Open Qualificatif Meyreuil"]
[Site "?"]
[Date "2006.01.07"]
[Round "4"]
[White "Terrien, Claude"]
[Black "Schiano-Lomoriello, Didier"]
[Result "1-0"]
[WhiteElo "1700"]
[BlackElo "1499"]
[PlyCount "59"]
[EventDate "2005.11.05"]
[SourceDate "2005.11.05"]

1. c4 e5 2. Nc3 Nf6 3. Nf3 e4 4. Ng5 Qe7 5. g3 c6 6. Bg2 d5 7. cxd5 cxd5 8. d3
h6 9. Nh3 Qe6 10. Nf4 Qc6 11. O-O Bb4 12. Qb3 Bxc3 13. bxc3 O-O 14. Bb2 Na6 15.
dxe4 Nc5 16. Qc2 Ncxe4 17. Rad1 Be6 18. e3 Rfe8 19. Ne2 Qd7 20. c4 Rac8 21. Rd4
dxc4 22. Rxd7 Bxd7 23. Rd1 Rc5 24. Bxf6 Bf5 25. Qa4 Re6 26. Bd4 Rd5 27. Nf4
Rxd4 28. Rxd4 Ra6 29. Qe8+ Kh7 30. Rd8 1-0

[Event "Open Qualificatif Meyreuil"]
[Site "?"]
[Date "2006.01.07"]
[Round "4"]
[White "Montanelli, Tristan"]
[Black "Bordenave, Robert"]
[Result "0-1"]
[WhiteElo "1499"]
[BlackElo "1780"]
[PlyCount "92"]
[EventDate "2005.11.05"]
[SourceDate "2005.11.05"]

1. d4 d5 2. Nf3 c6 3. e3 Nf6 4. Bd3 Bg4 5. h3 Bh5 6. Nbd2 e6 7. c3 Nbd7 8. Qc2
Bg6 9. Bxg6 hxg6 10. Nh2 Bd6 11. O-O O-O 12. e4 dxe4 13. Nxe4 Nxe4 14. Qxe4 Nf6
15. Qh4 Nd5 16. Qe4 Qc7 17. f4 c5 18. Ng4 cxd4 19. cxd4 Qe7 20. Ne5 Rac8 21.
Bd2 Rc7 22. Rac1 Rfc8 23. Rxc7 Rxc7 24. Rc1 Rxc1+ 25. Bxc1 Qc7 26. Bd2 Nf6 27.
Qd3 a6 28. g3 Nd5 29. Qe4 Nf6 30. Qd3 Nd5 31. g4 Ne7 32. Qb3 Bxe5 33. dxe5 Qc6
34. Qa3 Nd5 35. Kh2 Qc4 36. Kg3 Qe2 37. Qa5 Qd3+ 38. Kh4 Qe2 39. Qd8+ Kh7 40.
Bc3 Qf2+ 41. Kg5 Qxf4+ 42. Kh4 Qf2+ 43. Kg5 Qe3+ 44. Kh4 Nxc3 45. bxc3 Qxe5 46.
g5 Qf4# 0-1